Albinísimas: ensayística, alfabética, miscelánica

Guardat en:
Dades bibliogràfiques
Autor principal: Gómez, Albino A (Autor)
Format: Llibre
Idioma:espanyol
Publicat: Buenos Aires Josalbi 1970
Matèries:
Etiquetes: Afegir etiqueta
Sense etiquetes, Sigues el primer a etiquetar aquest registre!

MARC

LEADER 00000nam a2200000 a 4500
001 UCV9196
003 CL-VaPUC
008 920708e19700000AG |||||||||||||||||spa|d
082 0 4 |a Ar868  |b GOM  |2 21 
100 0 |a Gómez, Albino A  |e author  |9 267762 
245 1 0 |a Albinísimas: ensayística, alfabética, miscelánica 
300 |a 140 p 
942 |c BK 
945 |d 19920708 00:00:00 
260 |a Buenos Aires  |b Josalbi  |c 1970 
600 0 7 |a GOMEZ, ALBINO A  |2 CL-VaPUC  |9 267762 
583 |a last modification  |c 19920708 00:00:00  |k Rodrigo Vera 
999 |c 214571  |d 214569 
952 |0 0  |1 0  |4 0  |6 AR_868_000000000000000_GOM_1970  |7 0  |8 P  |9 198106  |a BIBARQ  |b BIBARQ  |d 2019-11-14  |i 265671K  |o Ar868 GOM 1970  |p 265671K  |r 2025-01-20  |w 2019-11-14  |y BK  |k ARQ